Maze Runner Characters - Statistics

General Stats
  • This quiz has been taken 771 times
    769 since last reset
  • The average score is 12 of 13
Answer Stats
Hint Answer % Correct
Main Protagonist (Dylan O'Brien) Thomas
100%
Youngest Glader (Blake Cooper) Chuck
99%
2nd in Command (Thomas Brodie-Sangster) Newt
99%
Leader (Aml Ameen) Alby
98%
Keeper of the Runners (Ki-Hong Lee) Minho
98%
Only Female Glader (Kaya Scodelario) Teresa
98%
Cook (Dexter Darden) Frypan
95%
Keeper of the Builders (Will Poulter) Gally
95%
Keeper of the Slicers (Alexander Flores) Winston
86%
Runner (Chris Sheffield) Ben
83%
Med-Jack #1 (Randall Cunningham) Clint
79%
Med-Jack #2 (Jacob Latimore) Jeff
79%
Keeper of the Track-Hoes (Joe Adler) Zart
77%
No matching quizzes found
Score Distribution
Percent of People with Each Score
Percentile by Number Answered
Your Score History
You have not taken this quiz since the last reset